|
|
|
|
| LEADER |
00000nab a2200000 a 4500 |
| 001 |
vtls011104278 |
| 003 |
SK-MaSNL |
| 005 |
20260303150229.0 |
| 008 |
230222|2005 xo |||||||||||||||||slo| |
| 015 |
|
|
|a SNBRB
|
| 035 |
|
|
|a (uuid)c53e8a5b-d4ad-4947-9b47-de5fcd34a16d
|
| 035 |
|
|
|a (urnnbn)urn:nbn:sk:snk:ar-a085b0
|
| 035 |
|
|
|a urn:nbn:sk:snk-ab9arr
|
| 040 |
|
|
|a SNKBUCL
|b slo
|c SNKBUCL
|e AACR2
|
| 041 |
0 |
|
|a slo
|
| 044 |
|
|
|a xo
|c SK
|
| 100 |
1 |
|
|a Bobeková, Veronika
|4 aut
|9 787326
|
| 245 |
1 |
0 |
|a Nové šľachtenie viniča hroznorodého
|c Veronika Bobeková, Tibor Ruman
|
| 700 |
1 |
|
|a Ruman, Tibor
|4 aut
|9 311226
|
| 773 |
0 |
|
|t Vinič a víno : odborný časopis pre vinohradníkov a vinárov
|g Roč. 5, č. 1 (2005), s. 2-3
|
| 954 |
|
|
|a odborná, vedecká literatúra pôvodná (slovenská)
|2 lita
|
| 958 |
|
|
|a OND
|
| 958 |
|
|
|a EUIPO
|
| 958 |
|
|
|a article13
|
| 999 |
|
|
|c 2008992
|d 2010922
|